000 00257nam a22001097a 4500
008 160428b xxu||||| |||| 00| 0 eng d
020 _a9780803630420
041 _aeng
080 _a618.2
245 _aPediatric nursing:
_cMargot R. De Sevo;
942 _2udc
_cBK
999 _c1653
_d1653